Normal view MARC view

Entry Topical Term

Number of records used in: 1

001 - CONTROL NUMBER

  • control field: 11170

003 - CONTROL NUMBER IDENTIFIER

  • control field: OSt

005 - DATE AND TIME OF LATEST TRANSACTION

  • control field: 20161010173719.0

008 - FIXED-LENGTH DATA ELEMENTS

  • fixed length control field: 161010|| aca||aabn | a|a d

040 ## - CATALOGING SOURCE

  • Original cataloging agency: OSt
  • Transcribing agency: OSt

150 ## - HEADING--TOPICAL TERM

  • Topical term or geographic name entry element: Agricultural development

670 ## - SOURCE DATA FOUND

  • Source citation: Work cat.: (OSt): Norton, George W.; Alwang, Jeffrey; Masters, William A. 11169, Ecomics of Agricultural Development: world food systems and resource use